000
00212 a2200097 4500
001
26831
100
_a
Keppel, A
245
_a
Gun running the indian N.W.F.
260
_a
_b
Gosha-e-Adab
_c
090
_c
18064
_d
18064
942
_a
NUST-CAE
_c
M
_c
8963
999
_c
261904
_d
261904